Cancionero de coplas del nacimiento de Nuestro Señor Jesu Christo, para cantar la noche de Navidad / (Record no. 149186)

MARC details
000 -LEADER
campo de control de longitud fija 00733nam a2200205 i 4500
001 - NÚMERO DE CONTROL
campo de control 149186
003 - IDENTIFICADOR DE NÚMERO DE CONTROL
campo de control ES-MaACL
005 - FECHA Y HORA DE LA ÚLTIMA TRANSACCIÓN
campo de control 20230906203007.0
007 - CAMPO FIJO DE DESCRIPCIÓN FÍSICA--INFORMACIÓN GENERAL
campo de control de longitud fija t|
008 - DATOS DE LONGITUD FIJA--INFORMACIÓN GENERAL
campo de control de longitud fija 071019s1957 sp ||||1| spa d
100 1# - ENTRADA PRINCIPAL--NOMBRE DE PERSONA
Nombre de persona Velasco, Francisco de.
9 (RLIN) 113723
245 10 - MENCIÓN DEL TÍTULO
Título Cancionero de coplas del nacimiento de Nuestro Señor Jesu Christo, para cantar la noche de Navidad /
Mención de responsabilidad, etc. compuesto por Francisco de Velasco.
260 ## - PUBLICACIÓN, DISTRIBUCIÓN, ETC.
Lugar de publicación, distribución, etc. [S.l :
Nombre del editor, distribuidor, etc. s.n.],
Fecha de publicación, distribución, etc. 1957 (
Fabricante Antonio Pérez Gómez)
300 ## - DESCRIPCIÓN FÍSICA
Extensión 4 h. ;
Dimensiones 25 cm.
500 ## - NOTA GENERAL
Nota general Reprod. facs. de la ed. de : Burgos : Casa de Juan Bautista Varesio, 1604.
655 #7 - TERMINO DE INDIZACIÓN--GENERO/FORMA
Fuente del término tgfbne
9 (RLIN) 226495
Datos o término principal de género/forma Facsímiles
852 ## - LOCALIZACIÓN
Ubicación ES-MaACL
Número de control de estantería 2006-F-27
Sublocalización o colección R.41325
942 ## - ELEMENTOS DE ENTRADA SECUNDARIOS (KOHA)
Fuente del sistema de clasificación o colocación Clasificación decimal universal
Holdings
Estatus retirado Estado de pérdida Estado de daño No para préstamo Colección Biblioteca de origen Biblioteca actual Ubicación en estantería Fecha de adquisición Fuente de adquisición Total de préstamos Signatura topográfica completa Código de barras Visto por última vez Precio de reemplazo Tipo de ítem Koha
        Colección de folletos Biblioteca del Ateneo de Madrid Biblioteca del Ateneo de Madrid Depósito folletos 17/01/2008     2006-F-27 1155679 23/02/2023 23/02/2023 Folleto